| 000 | 00691nam a2200181Ia 4500 | ||
|---|---|---|---|
| 999 |
_c11410 _d11410 |
||
| 003 | OSt | ||
| 005 | 20200104124524.0 | ||
| 008 | 190216s9999||||xx |||||||||||||| ||und|| | ||
| 020 | _a9788189915674 | ||
| 020 | _a8189915673 | ||
| 040 | _coclc | ||
| 082 |
_a332.6725320954 _bALI/I |
||
| 100 |
_aAli, Sajid _91024 |
||
| 245 | 0 |
_aInsurance In India history and development : economic liberalization and reforms : risk management and insurance : performance of insurance companies/ _cSajid Ali ; Riyaz Mohammad ; Masharique Ahmad |
|
| 260 |
_bRegal Publications, _c2012. _aNew Delhi: |
||
| 300 | _a160p | ||
| 942 |
_cBK _2ddc _h332.6725320954 _iALI/I _k332.6725320954 _mALI/I |
||